01345nam a22002537a 45000010009000000050017000090060019000260070015000450080041000600200024001010400028001250500011001531000033001642450068001972640045002653000033003105000020003435050401003635880082007646500023008466500025008696500031008947760166009251960347020240131074517.0m |o d | cr_|||||||||||240131b |||||||| |||| 00| 0 eng d a9781119284918 (pdf) aDLCbengerdacKMUdKMU00aTK30011 aErgül, Özgür,eauthor.10aIntroduction to electrical circuit analysis /cOzgür Ergül. 1aHoboken, NJ :bJohn Wiley & Sons,c2017. axix, 402 p.;b ill.;c24 cm. aIncludes index.0 aBasic tools : Kirchhoff's laws -- Analysis of resistive networks : nodal analysis -- Analysis of resistive networks : mesh analysis -- Black-box concept -- Transient analysis -- Steady-state analysis of time-harmonic circuits -- Selected components of modern circuits -- Practical technologies in modern circuits -- In the next steps -- Photographs of some circuit elements -- Exercise solutions. aDescription based on print version record and CIP data provided by publisher. 0aElectric circuits. 0aElectronic circuits. 0aElectric circuit analysis.08iPrint version:aErgül, Özgür, author.tIntroduction to electrical circuit analysisdHoboken, NJ : John Wiley & Sons, 2017z9781119284932w(DLC) 2017001722